| 000 | 00524nam a2200169 4500 | ||
|---|---|---|---|
| 001 | 131463 | ||
| 003 | ES-MaACL | ||
| 005 | 20251004063152.0 | ||
| 007 | t| | ||
| 008 | 070214s1953 cu r ||||1| spa d | ||
| 100 | 1 |
_aRodríguez Demorizi, Emilio, _d1908-1986 _998490 |
|
| 245 | 1 | 0 |
_aMartí en Santo Domingo / _cEmilio Rodríguez Demorizi. |
| 260 |
_aLa Habana : _b[s. n.], _c1953 ( _fImp. Ucar garcía) |
||
| 300 |
_a621 p., 15 lám. ; _c24 cm. |
||
| 852 |
_aES-MaACL _jC-6514 _bR.34359 |
||
| 999 |
_c131463 _d131463 |
||